000 00572nam a2200157 a 4500
008 120416s1970 ||||||||||||||||| || u
050 _aGV 1060.8 Wak
100 _aWakefield, Frances
245 1 0 _aTrack and field fundamentals for girls and women
250 _a2nd ed.
260 _aSaint Louis
_bThe CV Mosby
_c1970
300 _ax, 264p. : ill.
350 _a0.00
700 _aCooper, John M
995 _D0.00
_FCBU-MAIN LIBRARY (Kitwe)
_H1
_I6.95
_M1
_UAVAILABLE
_WAug 15, 2006
_ZMain Library Open Access Collection
999 _c60099
_d60099